[Event "Tilburg"]
[Site "?"]
[Date "1993.??.??"]
[Round "?"]
[White "Cifuentes, R."]
[Black "Agdestein, S."]
[Result "1/2-1/2"]
[WhiteElo "2495"]
[BlackElo "2610"]
[PlyCount "180"]
[EventDate "1993.??.??"]
[Source "www.chesslib.no"]
[SourceDate "2004.05.04"]

1. d4 f5 2. e4 fxe4 3. Nc3 Nf6 4. Bg5 Nc6 5. d5 Ne5 6. Qd4 d6 7. O-O-O c5 8. dxc6 Nxc6 9. Qa4 Qa5 10. Qxa5 Nxa5 11. Nge2 Bf5 12. Nd4 Bd7 13. Be2 O-O-O 14. Rhe1 Nc6 15. Bc4 Ne5 16. Be6 d5 17. Bxf6 exf6 18. Nxd5 Bc5 19. Rxe4 Rhe8 20. f4 Bxe6 21. Nxe6 Rxe6 22. fxe5 Rxe5 23. Rxe5 fxe5 24. Nc3 Be3+ 25. Kb1 Rxd1+ 26. Nxd1 Bg1 27. h3 Kd7 28. Kc1 Ke6 29. Kd2 Kf5 30. g3 Ke4 31. Ke2 Bd4 32. c3 Bb6 33. b3 Kd5 34. a4 e4 35. Ne3+ Ke6 36. Nc4 Bc7 37. g4 Kd5 38. Ke3 g6 39. Ke2 Bf4 40. Ne3+ Ke6 41. Nc2 Kf6 42. Nd4 Ke5 43. Nb5 a6 44. Na3 Bc1 45. Nc4+ Kf4 46. Nd6 Bb2 47. c4 b6 48. a5 bxa5 49. c5 Be5 50. Nc4 Bc7 51. c6 Kg3 52. Ne3 Kxh3 53. g5 Kh4 54. Nd5 Bd6 55. Nf6 Bh2 56. Nxe4 Kg4 57. Kd3 Kf5 58. Kd4 Ke6 59. Nf6 Kd6 60. Nxh7 Kxc6 61. Nf8 Bf4 62. Nxg6 Bxg5 63. Ne5+ Kb5 64. Nd3 Bf6+ 65. Ke3 Bc3 66. Ke2 a4 67. bxa4+ Kc4 68. Nf4 Be5 69. Ne6 Kb4 70. Kd3 Bd6 71. a5 Kxa5 72. Kc3 Kb5 73. Kb3 Be5 74. Ng5 a5 75. Ne4 a4+ 76. Ka3 Ka5 77. Nd2 Bd6+ 78. Ka2 Kb4 79. Nb1 Bf4 80. Na3 Bc1 81. Nc2+ Kc3 82. Na3 Kb4 83. Nc2+ Kc5 84. Kb1 Bg5 85. Ka2 Bc1 86. Kb1 Bf4 87. Ka2 Bd6 88. Ka3 Kb5+ 89. Ka2 Kc4 90. Na3+ Kb4 1/2-1/2

[Event "Hastings Open 9495"]
[Site "Hastings ENG"]
[Date "1994.??.??"]
[Round "?"]
[White "Cifuentes Parada, Roberto"]
[Black "Malaniuk, Vladimir P"]
[Result "1/2-1/2"]
[WhiteElo "2500"]
[BlackElo "2595"]
[PlyCount "49"]
[EventDate "1994.12.??"]
[Source "www.chesslib.no"]
[SourceDate "2004.05.04"]

1. d4 f5 2. e4 fxe4 3. Nc3 Nf6 4. Bg5 Nc6 5. Bb5 a6 6. Ba4 b5 7. Bb3 Na5 8. Bd5 Nxd5 9. Nxd5 Bb7 10. Nf4 g6 11. h4 Rg8 12. h5 c5 13. hxg6 hxg6 14. dxc5 Qc7 15. Qg4 Qxc5 16. Rh7 Nc4 17. Rd1 Ne5 18. Qh3 Rd8 19. Nge2 Nf7 20. Rxf7 Kxf7 21. Ne6 dxe6 22. Rxd8 Qxg5 23. Qh7+ Rg7 24. Qh8 Rg8 25. Qh7+ 1/2-1/2

[Event "Villarrobledo"]
[Site "?"]
[Date "2006.08.06"]
[Round "6"]
[White "Ivanisevic Ivan"]
[Black "Borges Mateos Juan"]
[Result "1/2-1/2"]
[WhiteElo "2596"]
[BlackElo "2434"]
[PlyCount "86"]
[EventDate "2006.??.??"]
[Source "www.chesslib.no"]
[SourceDate "2004.05.04"]

1. d4 f5 2. Nc3 Nf6 3. Bg5 e6 4. e4 fxe4 5. Nxe4 Be7 6. Bxf6 Bxf6 7. Qh5+ g6 8. Qh6 Qe7 9. Nxf6+ Qxf6 10. O-O-O d6 11. Nf3 Bd7 12. h4 Nc6 13. Qg5 Rf8 14. Qxf6 Rxf6 15. h5 O-O-O 16. hxg6 hxg6 17. Rh6 Rdf8 18. Bd3 Nb4 19. Be4 Nxa2+ 20. Kd2 Nb4 21. Rxg6 Rxg6 22. Bxg6 Bc6 23. Bh5 Nd5 24. Bg4 Bd7 25. Rh1 Rg8 26. Rh4 b5 27. Ne1 a5 28. Nd3 Nb6 29. Bf3 Nc4+ 30. Kc1 Nb6 31. Rh7 b4 32. g3 Rf8 33. Bg4 Nd5 34. Rg7 Nf6 35. Be2 Nd5 36. f4 Rh8 37. Bf3 Bb5 38. Bxd5 exd5 39. f5 b3 40. f6 Rh1+ 41. Kd2 Rh2+ 42. Ke3 bxc2 43. f7 Bxd3 1/2-1/2

[Event "Kiev"]
[Site "Kiev"]
[Date "1989.??.??"]
[Round "?"]
[White "Palatnik, Semon"]
[Black "Malaniuk, Vladimir P"]
[Result "1/2-1/2"]
[WhiteElo "2460"]
[BlackElo "2560"]
[PlyCount "35"]
[EventDate "1989.??.??"]
[Source "ChessBase"]

1. d4 f5 2. Nc3 Nf6 3. Bg5 e6 4. e4 fxe4 5. Nxe4 Be7 6. Bxf6 Bxf6 7. Nf3 Nc6 8. c3 b6 9. Qa4 Bb7 10. O-O-O Qe7 11. Nxf6+ Qxf6 12. Ba6 Bxa6 13. Qxa6 O-O 14. Qd3 Qf5 15. Qxf5 Rxf5 16. Rd2 Raf8 17. Re1 g5 18. Ree2 1/2-1/2

[Event "Moscow RUS"]
[Site "?"]
[Date "2005.02.19"]
[Round "5"]
[White "Balashov Yuri S"]
[Black "Jakubiec Artur"]
[Result "1-0"]
[WhiteElo "2469"]
[BlackElo "2549"]
[PlyCount "53"]
[EventDate "2005.??.??"]
[Source "www.chesslib.no"]
[SourceDate "2004.05.04"]

1. d4 f5 2. e4 fxe4 3. Nc3 Nf6 4. Bg5 Nc6 5. Bb5 a6 6. Ba4 b5 7. Bb3 Na5 8. Bd5 Nxd5 9. Nxd5 Nc4 10. Nf4 Nd6 11. Ngh3 g6 12. f3 Bb7 13. fxe4 Nxe4 14. O-O Bg7 15. Nh5 Bf6 16. Bh6 Rg8 17. d5 Qb8 18. Qd3 gxh5 19. Qxe4 Rg4 20. Rxf6 Qa7+ 21. Kh1 O-O-O 22. Qxe7 Bxd5 23. Nf4 Bc6 24. Rxc6 dxc6 25. Ne6 Rdg8 26. Be3 c5 27. Rd1 1-0

[Event "Metz op"]
[Site "Metz"]
[Date "1996.??.??"]
[Round "?"]
[White "Timoscenko, Genadij"]
[Black "Ragozin, Evgeni"]
[Result "1/2-1/2"]
[WhiteElo "2530"]
[BlackElo "2475"]
[PlyCount "49"]
[EventDate "1996.04.??"]
[Source "www.chesslib.no"]
[SourceDate "2004.05.04"]

1. d4 f5 2. e4 fxe4 3. Nc3 Nf6 4. Bg5 Nc6 5. d5 Ne5 6. Qe2 Nf7 7. Bxf6 exf6 8. Nxe4 Qe7 9. d6 Nxd6 10. Nxd6+ cxd6 11. O-O-O Qxe2 12. Bxe2 Rb8 13. Bf3 d5 14. Bxd5 Bc5 15. Rd2 Kd8 16. Nf3 Re8 17. Re1 Rxe1+ 18. Nxe1 Ke7 19. Nd3 Bd6 20. Re2+ Kf8 21. Re4 b5 22. h4 b4 23. Rxb4 Ke7 24. Re4+ Kf8 25. Rd4 1/2-1/2

[Event "SPICE Cup"]
[Site "Lubbock USA"]
[Date "2007.11.12"]
[Round "5"]
[White "Krush, I."]
[Black "Schneider, Dm"]
[Result "1/2-1/2"]
[WhiteElo "2475"]
[BlackElo "2502"]
[PlyCount "63"]
[EventDate "2007.11.09"]
[Source "www.chesslib.no"]
[SourceDate "2004.05.04"]

1. d4 f5 2. e4 fxe4 3. Nc3 Nf6 4. Bg5 d6 5. f3 exf3 6. Nxf3 c6 7. Bd3 Bg4 8. O-O Nbd7 9. Qd2 Qc7 10. b4 e5 11. b5 Bxf3 12. Rxf3 Be7 13. bxc6 bxc6 14. Rh3 exd4 15. Ne4 Ne5 16. Rf1 Nd5 17. Qe2 Ne3 18. Bxe3 dxe3 19. Rxe3 Rf8 20. Re1 Qb6 21. Kh1 Kd8 22. Nd2 Qd4 23. Nf3 Nxf3 24. Rxf3 Bf6 25. c3 Qe5 26. Qd1 Qc5 27. Bxh7 Kc7 28. Qd3 Rae8 29. Rb1 Rb8 30. Re1 Rbe8 31. Rb1 Rb8 32. Re1 1/2-1/2

[Event "Philadelphia"]
[Site "?"]
[Date "1986.??.??"]
[Round "?"]
[White "Fedorowicz, J."]
[Black "Leow, L."]
[Result "1-0"]
[WhiteElo "2525"]
[BlackElo "2440"]
[PlyCount "39"]
[EventDate "1986.??.??"]
[Source "ChessBase"]
[SourceDate "1986.07.01"]

1. d4 f5 2. Nc3 Nf6 3. Bg5 e6 4. e4 fxe4 5. Nxe4 Be7 6. Bxf6 Bxf6 7. Qh5+ g6 8. Qh6 Nc6 9. O-O-O b6 10. Ne2 Qe7 11. Qe3 Bg7 12. N2c3 Bb7 13. d5 Nb4 14. dxe6 d5 15. Bb5+ c6 16. Rxd5 O-O 17. Rd7 Qxe6 18. Rxb7 Nxa2+ 19. Kb1 Nxc3+ 20. Nxc3 1-0

[Event "Nuernberg"]
[Site "?"]
[Date "2006.09.10"]
[Round "7.5"]
[White "Prusikin Michael"]
[Black "Heidrich Manfred"]
[Result "1-0"]
[WhiteElo "2557"]
[BlackElo "2405"]
[PlyCount "29"]
[EventDate "2006.??.??"]
[Source "www.chesslib.no"]
[SourceDate "2004.05.04"]

1. d4 f5 2. e4 fxe4 3. Nc3 Nf6 4. Bg5 Nc6 5. d5 Ne5 6. Qe2 d6 7. O-O-O g6 8. Nxe4 Nxe4 9. Qxe4 Bf5 10. Qe1 Qd7 11. f4 Qa4 12. Qc3 Nf7 13. Nf3 Bg7 14. Bb5+ Qxb5 15. Qxg7 1-0

[Event "Oberwart op"]
[Site "Oberwart"]
[Date "2000.??.??"]
[Round "4"]
[White "Eingorn, Vereslav S"]
[Black "Kummer, Helmut"]
[Result "1-0"]
[WhiteElo "2597"]
[BlackElo "2363"]
[PlyCount "81"]
[EventDate "2000.??.??"]
[Source "www.chesslib.no"]
[SourceDate "2004.05.04"]

1. d4 f5 2. Nc3 Nf6 3. Bg5 e6 4. e4 fxe4 5. Nxe4 Be7 6. Bxf6 Bxf6 7. Nf3 b6 8. Bd3 Ba6 9. O-O Bxd3 10. Qxd3 Nc6 11. Rfe1 O-O 12. c4 Kh8 13. Rad1 d5 14. Nxf6 Qxf6 15. Qe2 Na5 16. c5 Rfe8 17. Rc1 Nb7 18. cxb6 cxb6 19. Rc6 Nd8 20. Rd6 Qf5 21. h3 Rc8 22. Qa6 Rc7 23. Qa4 Rf8 24. Rd7 Qf4 25. Rxc7 Qxc7 26. Qa3 Kg8 27. b3 Qb8 28. Ne5 Re8 29. Rc1 Nb7 30. Nc6 Qf4 31. Re1 Nd6 32. Rf1 Nb5 33. Qb4 a6 34. a4 Nd6 35. g3 Qf8 36. Qxb6 Ne4 37. Ne5 Qf6 38. Qxa6 Qh6 39. Kg2 Rf8 40. Qe2 Nd2 41. Ng4 1-0

[Event "Groningen thema"]
[Site "Groningen"]
[Date "1996.??.??"]
[Round "2"]
[White "Brenninkmeijer, Joris"]
[Black "Ligterink, Gert"]
[Result "1/2-1/2"]
[WhiteElo "2505"]
[BlackElo "2450"]
[PlyCount "44"]
[EventDate "1996.08.??"]
[Source "www.chesslib.no"]
[SourceDate "2004.05.04"]

1. d4 f5 2. e4 fxe4 3. Nc3 Nf6 4. Bg5 e6 5. Nxe4 Be7 6. Bxf6 Bxf6 7. Nf3 b6 8. Bd3 Bb7 9. Qe2 Qe7 10. c3 Nc6 11. b4 a5 12. b5 Nd8 13. Ne5 Bxe5 14. dxe5 Nf7 15. f4 O-O-O 16. O-O h6 17. Kh1 Kb8 18. Rae1 d6 19. exd6 Nxd6 20. Nxd6 Qxd6 21. Be4 Bxe4 22. Qxe4 Rhf8 1/2-1/2

[Event "Torre mem op"]
[Site "Yucatan"]
[Date "1999.??.??"]
[Round "5"]
[White "Vera, Reynaldo"]
[Black "Gonzalez, Bernal M"]
[Result "1-0"]
[WhiteElo "2538"]
[BlackElo "2411"]
[PlyCount "65"]
[EventDate "1999.12.??"]
[Source "www.chesslib.no"]
[SourceDate "2004.05.04"]

1. d4 f5 2. Nc3 Nf6 3. Bg5 e6 4. e4 fxe4 5. Nxe4 Be7 6. Bxf6 Bxf6 7. Qh5+ g6 8. Qh6 b6 9. Nf3 Bb7 10. Bd3 Na6 11. c3 Qe7 12. Qf4 O-O 13. Bxa6 Bxa6 14. Nxf6+ Qxf6 15. Qxc7 e5 16. dxe5 Qf4 17. Rd1 d6 18. Qc6 dxe5 19. Rd2 Rae8 20. Kd1 e4 21. Re1 Qg4 22. Kc1 Qxg2 23. Qd5+ Kh8 24. Qd4+ Kg8 25. Qd5+ Kh8 26. Ng5 Qg4 27. Qd4+ Kg8 28. Qd5+ Kh8 29. Qd4+ Kg8 30. Nxe4 Qf5 31. Nf6+ Rxf6 32. Rxe8+ Kf7 33. Qd8 1-0

[Event "Moscow Open"]
[Site "Moscow RUS"]
[Date "1994.??.??"]
[Round "5"]
[White "Goryachkin, Vyacheslav"]
[Black "Vasiukov, Evgeni A"]
[Result "1/2-1/2"]
[WhiteElo "2440"]
[BlackElo "2505"]
[PlyCount "90"]
[EventDate "1994.??.??"]
[Source "www.chesslib.no"]
[SourceDate "2004.05.04"]

1. d4 f5 2. e4 fxe4 3. Nc3 Nf6 4. Bg5 Nc6 5. d5 Ne5 6. Qd4 d6 7. Nxe4 c6 8. f4 Neg4 9. Bxf6 Nxf6 10. Nxf6+ gxf6 11. O-O-O Qb6 12. Nf3 Bg4 13. Qe4 Bh6 14. Bc4 f5 15. Qe6 Bxf4+ 16. Kb1 Qe3 17. dxc6 Qxe6 18. Bxe6 bxc6 19. Rd4 Be3 20. Rc4 c5 21. Re1 Bh6 22. h3 Bxf3 23. gxf3 f4 24. Rce4 Bg5 25. Rg1 h6 26. c3 Kd8 27. Rg4 Kc7 28. h4 Bf6 29. Rgxf4 Raf8 30. Ra4 Kb6 31. Ra3 a5 32. Rfa4 Ra8 33. Bd5 Ra7 34. Rb3+ Kc7 35. Rb5 h5 36. b4 Bxh4 37. bxc5 Bf2 38. cxd6+ Kxd6 39. Raxa5 Rxa5 40. Rxa5 h4 41. Be4 e6 42. f4 h3 43. f5 exf5 44. Rxf5 Bg1 45. Kc2 Re8 1/2-1/2

[Event "Corr"]
[Site "?"]
[Date "1997.12.29"]
[Round "?"]
[White "Hampel Johannes (GER)"]
[Black "D'Adamo Ettore (ITA)"]
[Result "1/2-1/2"]
[WhiteElo "2415"]
[BlackElo "2525"]
[PlyCount "47"]
[EventDate "1997.??.??"]
[Source "www.chesslib.no"]
[SourceDate "2004.05.04"]

1. d4 f5 2. Nc3 Nf6 3. Bg5 e6 4. e4 fxe4 5. Nxe4 Be7 6. Bxf6 Bxf6 7. Nf3 b6 8. Bd3 Bb7 9. Qe2 Nc6 10. c3 Qe7 11. O-O-O O-O-O 12. Ba6 Qf7 13. Bxb7+ Kxb7 14. Rhe1 Rhf8 15. Nxf6 Qxf6 16. Qe4 Qh6+ 17. Rd2 Rf4 18. Qd3 Rdf8 19. h3 R4f6 20. Qe3 Qxe3 21. fxe3 Ne7 22. e4 Ng6 23. Kc2 h6 24. c4 1/2-1/2

[Event "Groningen thema"]
[Site "Groningen"]
[Date "1996.??.??"]
[Round "3"]
[White "Hoeksema, Hendrik Pieter"]
[Black "Brenninkmeijer, Joris"]
[Result "0-1"]
[WhiteElo "2410"]
[BlackElo "2505"]
[PlyCount "82"]
[EventDate "1996.08.??"]
[Source "www.chesslib.no"]
[SourceDate "2004.05.04"]

1. d4 f5 2. e4 fxe4 3. Nc3 Nf6 4. Bg5 Nc6 5. f3 e5 6. d5 Nd4 7. fxe4 Be7 8. Nf3 Nxf3+ 9. Qxf3 O-O 10. Bc4 d6 11. O-O Nd7 12. Bxe7 Qxe7 13. Qe3 Nf6 14. Be2 Bd7 15. h3 Be8 16. Nd1 Bg6 17. Nf2 a5 18. c4 c5 19. dxc6 bxc6 20. Rad1 Nd7 21. Nd3 c5 22. Nf2 Rfd8 23. Qd3 Nf8 24. Ng4 Ne6 25. Ne3 Nd4 26. Nd5 Qb7 27. Rd2 Rf8 28. Bf3 Be8 29. Rdf2 Bc6 30. Nc3 g6 31. Bd1 Rxf2 32. Rxf2 Rf8 33. Rxf8+ Kxf8 34. b3 Kg7 35. Kh2 Qf7 36. Qe3 Qf4+ 37. Qxf4 exf4 38. g3 g5 39. h4 h6 40. hxg5 hxg5 41. gxf4 gxf4 0-1

[Event "Chicago Open"]
[Site "Chicago, IL USA"]
[Date "1994.??.??"]
[Round "2"]
[White "Yermolinsky, Alex"]
[Black "Friedman, Edward"]
[Result "1-0"]
[WhiteElo "2620"]
[BlackElo "2290"]
[PlyCount "47"]
[EventDate "1994.??.??"]
[Source "www.chesslib.no"]
[SourceDate "2004.05.04"]

1. d4 f5 2. Nc3 Nf6 3. Bg5 e6 4. e4 fxe4 5. Nxe4 Be7 6. Bxf6 Bxf6 7. Nf3 b6 8. Bd3 c5 9. Nd6+ Ke7 10. Be4 Nc6 11. d5 exd5 12. Qxd5 Qg8 13. O-O-O Qxd5 14. Rxd5 Rd8 15. Bxh7 Nb4 16. Re1+ Kf8 17. Rh5 g6 18. Bxg6 Nxa2+ 19. Kb1 Nb4 20. h4 Ba6 21. Rh7 Kg8 22. h5 Nd5 23. Nf5 Re8 24. Nh6+ 1-0

[Event "FRA Ch"]
[Site "France"]
[Date "1996.??.??"]
[Round "8"]
[White "Bauer, Christian"]
[Black "Santo Roman, Marc"]
[Result "1/2-1/2"]
[WhiteElo "2430"]
[BlackElo "2480"]
[PlyCount "82"]
[EventDate "1996.??.??"]
[Source "www.chesslib.no"]
[SourceDate "2004.05.04"]

1. d4 f5 2. e4 fxe4 3. Nc3 Nf6 4. Bg5 Nc6 5. d5 Ne5 6. Qe2 c6 7. O-O-O cxd5 8. Nxd5 e6 9. Nc3 Nf7 10. Bxf6 gxf6 11. Nxe4 Be7 12. f4 Qa5 13. Kb1 b6 14. g3 Bb7 15. Bg2 O-O-O 16. Nf3 Kb8 17. Nd4 f5 18. Nc3 Bxg2 19. Nb3 Bf3 20. Qxf3 Qa6 21. Rd3 Qb7 22. Qxb7+ Kxb7 23. Rhd1 Kc8 24. Na4 Kc7 25. c4 Nh6 26. Nd4 a6 27. Nf3 Ng4 28. R1d2 Rhg8 29. a3 h5 30. b4 Nf6 31. Ne5 d6 32. Nf7 Ne4 33. Nxd8 Nxd2+ 34. Rxd2 Bxd8 35. Nc3 h4 36. Ne2 Bf6 37. Kc2 hxg3 38. hxg3 Rh8 39. Rd1 Rh2 40. Kd3 Kd7 41. a4 Rh8 1/2-1/2

[Event "Staunton IM Group, Groningen NED"]
[Site "Groningen"]
[Date "1996.??.??"]
[Round "?"]
[White "Brenninkmeijer, J."]
[Black "Van Mil, J."]
[Result "1/2-1/2"]
[WhiteElo "2505"]
[BlackElo "2405"]
[PlyCount "87"]
[EventDate "1996.??.??"]
[Source "www.chesslib.no"]
[SourceDate "2004.05.04"]

1. d4 f5 2. e4 fxe4 3. Nc3 Nf6 4. Bg5 Nc6 5. d5 Ne5 6. Qe2 c6 7. O-O-O d6 8. Bxf6 gxf6 9. Qxe4 Qb6 10. Qh4 Ng6 11. Qg3 Bh6+ 12. Kb1 Bf4 13. Qf3 Be5 14. g3 cxd5 15. Rxd5 Bd7 16. Bb5 Bxc3 17. Bxd7+ Kxd7 18. Qxc3 Qc6 19. Qxc6+ bxc6 20. Rf5 h5 21. Nf3 c5 22. Rd1 Ke6 23. Rfd5 h4 24. R5d3 hxg3 25. hxg3 a5 26. Kc1 Kd7 27. Rc3 Kc7 28. Nd4 Rh2 29. f4 a4 30. Nf5 Re2 31. Ne3 Kc6 32. Nf5 Re4 33. Re3 Rxe3 34. Nxe3 e5 35. fxe5 fxe5 36. Rf1 Rg8 37. Rf6 Ne7 38. Nc4 Kd5 39. Nxd6 Rxg3 40. Nb5 Rg1+ 41. Kd2 Rg2+ 42. Ke3 e4 43. Nc7+ Kc4 44. b3+ 1/2-1/2

[Event "33rd Rilton Cup"]
[Site "Stockholm"]
[Date "2003.12.30"]
[Round "4"]
[White "Eriksson, Johan"]
[Black "Berg, Emanuel"]
[Result "1/2-1/2"]
[WhiteElo "2414"]
[BlackElo "2489"]
[PlyCount "86"]
[EventDate "2003.12.27"]
[Source "Roberto Alvarez"]
[SourceDate "2004.01.05"]

1. d4 f5 2. e4 fxe4 3. Nc3 Nf6 4. Bg5 Nc6 5. d5 Ne5 6. Qe2 Nf7 7. h4 c6 8. O-O-O cxd5 9. Nxd5 e6 10. Nc3 Qa5 11. Bxf6 gxf6 12. Qxe4 f5 13. Qd4 Qc5 14. Nf3 Qxd4 15. Nxd4 a6 16. Na4 Rb8 17. Nb6 Bc5 18. Nxc8 Rxc8 19. Be2 Ke7 20. Rhe1 Kf6 21. Bh5 Rc7 22. Re2 Ne5 23. Nf3 Nc4 24. g4 fxg4 25. Bxg4 Ke7 26. Ng5 Rc6 27. Ne4 Rf8 28. Nd2 Bxf2 29. Nxc4 Rxc4 30. Rxd7+ Kxd7 31. Bxe6+ Kd6 32. Bxc4 Bxh4 33. Re6+ Kd7 34. Re5 Bg3 35. Rd5+ Kc6 36. a4 Bf4+ 37. Kd1 h6 38. b4 Bg5 39. b5+ axb5 40. Rxb5 Rd8+ 41. Bd3 Rd4 42. Re5 Rxa4 43. Bb5+ Kd6 1/2-1/2

[Event "Krasnodar (Russia)"]
[Site "?"]
[Date "2002.??.??"]
[Round "3"]
[White "Chapliev Aleksandr"]
[Black "Poluljahov Aleksandr"]
[Result "0-1"]
[WhiteElo "2369"]
[BlackElo "2527"]
[PlyCount "104"]
[EventDate "2002.??.??"]
[Source "www.chesslib.no"]
[SourceDate "2004.05.04"]

1. d4 f5 2. e4 fxe4 3. Nc3 Nf6 4. Bg5 Nc6 5. d5 Ne5 6. Qd4 Nf7 7. h4 c6 8. Bxf6 gxf6 9. Be2 Qb6 10. Qxb6 axb6 11. Bh5 f5 12. Nh3 Bh6 13. g4 d6 14. g5 Bg7 15. Nf4 O-O 16. g6 Ne5 17. Ke2 Bh6 18. gxh7+ Kxh7 19. Nh3 e6 20. dxe6 Bxe6 21. Ng5+ Bxg5 22. hxg5 Kg7 23. b3 d5 24. f4 exf3+ 25. Bxf3 d4 26. Rh6 Rae8 27. Rah1 Bg8 28. Na4 Nxf3+ 29. Kxf3 Bd5+ 30. Kf2 Bxh1 31. Rxh1 Rh8 32. Rh6 Rxh6 33. gxh6+ Kxh6 34. Nxb6 Kg5 35. Nc4 b5 36. Na5 c5 37. Nb7 Rh8 38. Nxc5 Rh2+ 39. Kg3 Rxc2 40. Ne6+ Kf6 41. Nxd4 Rxa2 42. Nxb5 Ke5 43. Nc3 Ra3 44. Nd1 Rxb3+ 45. Kf2 Rd3 46. Ne3 Kf4 47. Ng2+ Kg4 48. Ne1 Rb3 49. Ng2 f4 50. Ne1 f3 51. Kg1 Kg3 52. Ng2 Rb1+ 0-1

[Event "Arco di Trento"]
[Site "?"]
[Date "1998.??.??"]
[Round "?"]
[White "Timoscenko, G."]
[Black "Cacho, R."]
[Result "1-0"]
[WhiteElo "2470"]
[BlackElo "2425"]
[PlyCount "109"]
[EventDate "1998.??.??"]
[Source "www.chesslib.no"]
[SourceDate "2004.05.04"]

1. d4 f5 2. e4 fxe4 3. Nc3 Nf6 4. Bg5 Nc6 5. d5 Ne5 6. Qe2 Nf7 7. h4 c6 8. O-O-O Qa5 9. Bxf6 gxf6 10. Qxe4 Nd6 11. Qg4 c5 12. Kb1 Kd8 13. Nf3 b5 14. Nd2 Bb7 15. Nde4 Nxe4 16. Nxe4 d6 17. Be2 Bc8 18. Qf4 Qb4 19. a3 Qa4 20. b3 Qa6 21. a4 c4 22. axb5 Qa3 23. Bxc4 f5 24. Ng5 Bg7 25. c3 Bxc3 26. Qc1 Qb4 27. Rd3 Bf6 28. Nf7+ Ke8 29. Nxh8 f4 30. Qxf4 Qa3 31. Kc2 Be5 32. Qd2 Bf5 33. Rc1 Bb2 34. Rb1 Bxh8 35. Kd1 Kd7 36. Ke1 Rc8 37. Rd1 Bxd3 38. Qxd3 Rf8 39. Qe2 Qc5 40. Kf1 Be5 41. g3 Kd8 42. Rd3 Qa3 43. Rf3 Qc1+ 44. Kg2 Rf6 45. Qe4 h6 46. Rxf6 Bxf6 47. Qe6 Kc7 48. Qg8 Bd4 49. b6+ Bxb6 50. Ba6 Kd7 51. Qe6+ Ke8 52. Bb5+ Kf8 53. Qf5+ Kg7 54. Be8 Qe1 55. h5 1-0

[Event "NED Team Ch"]
[Site "NED"]
[Date "1993.??.??"]
[Round "6"]
[White "Cifuentes Parada, Roberto"]
[Black "Reinderman, Dimitri"]
[Result "0-1"]
[WhiteElo "2480"]
[BlackElo "2415"]
[PlyCount "110"]
[EventDate "1993.??.??"]
[Source "www.chesslib.no"]
[SourceDate "2004.05.04"]

1. d4 f5 2. e4 fxe4 3. Nc3 Nf6 4. Bg5 Nc6 5. d5 Ne5 6. Qd4 Nf7 7. h4 c6 8. O-O-O Qb6 9. Bxf6 gxf6 10. Qxe4 Qxf2 11. Nf3 Bh6+ 12. Kb1 Qe3 13. Qg4 Qf4 14. Qh5 d6 15. dxc6 bxc6 16. Be2 Qf5 17. Nd4 Qxh5 18. Bxh5 Bd7 19. g4 Be3 20. Ne4 Bxd4 21. Rxd4 O-O 22. g5 f5 23. Nc5 Rad8 24. Nxd7 Rxd7 25. Rf4 Ne5 26. Rhf1 e6 27. Re1 c5 28. Kc1 Re7 29. Kd2 Ng6 30. Bxg6 hxg6 31. Ke3 Kf7 32. Rd1 Rd7 33. Rc4 Ke7 34. a3 Rh8 35. Kf3 e5 36. b4 cxb4 37. axb4 Ke6 38. Kg3 Rdh7 39. Rc6 f4+ 40. Kf3 Kf5 41. Rcxd6 e4+ 42. Kf2 Rxh4 43. R6d5+ Kg4 44. Rg1+ Kh5 45. Rd7 Rh2+ 46. Kf1 Kh4 47. Re7 e3 48. Rf7 Rf2+ 49. Ke1 Rh5 50. c4 Kh3 51. c5 Rb2 52. Rh1+ Kg3 53. Rxh5 gxh5 54. c6 Kf3 55. Kd1 e2+ 0-1

[Event "4th OIBM, Bad Wiessee GER"]
[Site "?"]
[Date "2000.??.??"]
[Round "4"]
[White "Fronczek, H."]
[Black "Agdestein, S."]
[Result "0-1"]
[WhiteElo "2305"]
[BlackElo "2590"]
[PlyCount "54"]
[EventDate "2000.??.??"]
[Source "www.chesslib.no"]
[SourceDate "2004.05.04"]

1. d4 f5 2. e4 fxe4 3. Nc3 Nf6 4. Bg5 Nc6 5. d5 Ne5 6. Bxf6 exf6 7. Nxe4 f5 8. Nc3 Bc5 9. Qd2 O-O 10. O-O-O a6 11. Re1 Qf6 12. f4 Ng4 13. Nh3 b5 14. Nd1 Bb7 15. c4 Qd6 16. Bd3 c6 17. Qc2 cxd5 18. Bxf5 Nf6 19. cxd5 Rac8 20. Kb1 Bb4 21. Nc3 Bxc3 22. bxc3 Nxd5 23. Ng5 Nxc3+ 24. Ka1 g6 25. Be4 Nxe4 26. Qb3+ Rc4 27. Nxe4 Qd4+ 0-1

[Event "TCh-FRA Nat1 Final"]
[Site "Belfort"]
[Date "2004.05.10"]
[Round "10"]
[White "Toulzac, Pierre Yves"]
[Black "Glek, Igor V"]
[Result "0-1"]
[WhiteElo "2320"]
[BlackElo "2571"]
[PlyCount "64"]
[EventDate "2004.05.01"]
[Source "Roberto Alvarez"]
[SourceDate "2004.05.10"]

1. d4 f5 2. Nc3 Nf6 3. e4 fxe4 4. Bg5 Nc6 5. d5 Ne5 6. Qe2 Nf7 7. Bxf6 exf6 8. Nxe4 Be7 9. d6 cxd6 10. O-O-O O-O 11. g4 d5 12. Nc3 Bc5 13. Bg2 Re8 14. Qf1 d6 15. Bxd5 Be6 16. Bxe6 Rxe6 17. Nh3 Qa5 18. Qc4 Re5 19. f4 b5 20. Qb3 Re3 21. Qd5 Rae8 22. g5 Qd8 23. Rhf1 Qc8 24. Nf2 fxg5 25. Nd3 Qe6 26. Nxc5 dxc5 27. fxg5 g6 28. Rf6 Qxd5 29. Rxd5 R3e5 30. Rd7 Re1+ 31. Kd2 Ne5 32. Rd5 Nc4+ 0-1

[Event "Corr"]
[Site "?"]
[Date "1999.02.15"]
[Round "?"]
[White "Lyukmanov Vyacheslav Borisovi"]
[Black "Smithers Steven A"]
[Result "1/2-1/2"]
[WhiteElo "2419"]
[BlackElo "2458"]
[PlyCount "80"]
[EventDate "1999.??.??"]
[Source "www.chesslib.no"]
[SourceDate "2004.05.04"]

1. d4 f5 2. e4 fxe4 3. Nc3 Nf6 4. Bg5 Nc6 5. f3 d5 6. fxe4 Nxe4 7. Nxe4 dxe4 8. d5 Nb4 9. c4 Qd6 10. a3 Qe5 11. Qd2 Nd3+ 12. Bxd3 exd3+ 13. Be3 Bg4 14. Nf3 Bxf3 15. gxf3 e6 16. O-O-O Bd6 17. f4 Qe4 18. Qxd3 exd5 19. Qxe4+ dxe4 20. c5 Be7 21. Rd4 Kf7 22. Rxe4 Rhe8 23. Rd1 Rad8 24. Rxd8 Rxd8 25. Bd4 Bf6 26. Bxf6 Kxf6 27. Ra4 a6 28. Rb4 Rd5 29. Rxb7 Rxc5+ 30. Kd2 Kf5 31. Ra7 c6 32. Ke3 g6 33. h3 Rc2 34. Rxa6 Rxb2 35. Ra5+ Ke6 36. h4 Rh2 37. h5 gxh5 38. Ke4 h6 39. Ra7 Re2+ 40. Kd3 Ra2 1/2-1/2

[Event "Catalunia-chT"]
[Site "?"]
[Date "1995.??.??"]
[Round "?"]
[White "Rodriguez Vargas, Orestes"]
[Black "De la Riva, Oscar"]
[Result "0-1"]
[WhiteElo "2445"]
[BlackElo "2425"]
[PlyCount "78"]
[EventDate "1995.??.??"]
[Source "www.chesslib.no"]
[SourceDate "2004.05.04"]

1. d4 f5 2. e4 fxe4 3. Nc3 Nf6 4. Bg5 Nc6 5. d5 Ne5 6. Qd4 Nf7 7. Bxf6 exf6 8. Qxe4+ Qe7 9. Nf3 f5 10. Qxe7+ Bxe7 11. Nb5 Bd8 12. Bd3 g6 13. O-O-O O-O 14. b4 a5 15. a3 c6 16. Nbd4 axb4 17. axb4 Bf6 18. dxc6 bxc6 19. c3 Ba6 20. Kb2 Nd6 21. Bxa6 Rxa6 22. Ra1 Rfa8 23. Rxa6 Rxa6 24. Re1 Ne4 25. Re2 c5 26. bxc5 Nxc5 27. Ne1 Rd6 28. Nef3 Nd3+ 29. Kc2 Nf4 30. Re1 Nxg2 31. Rg1 Nf4 32. Nxf5 Ra6 33. Kb3 Ne2 34. Re1 Nxc3 35. N5d4 Nd5 36. Ne5 d6 37. Nec6 Kf7 38. Kc4 Nf4 39. Nb4 Ra5 0-1

[Event "Moscow-ch"]
[Site "Moscow"]
[Date "1996.??.??"]
[Round "2"]
[White "Ukolov, Aleksandr"]
[Black "Lastin, Alexander"]
[Result "1/2-1/2"]
[WhiteElo "2375"]
[BlackElo "2495"]
[PlyCount "74"]
[EventDate "1996.08.??"]
[Source "www.chesslib.no"]
[SourceDate "2004.05.04"]

1. d4 f5 2. e4 fxe4 3. Nc3 Nf6 4. Bg5 Nc6 5. Bb5 g6 6. f3 e3 7. Bxe3 Bg7 8. Qd2 O-O 9. Nge2 e5 10. Bxc6 exd4 11. Nxd4 bxc6 12. O-O-O Qe7 13. Rhe1 Qf7 14. Bh6 c5 15. Bxg7 Kxg7 16. Ndb5 d6 17. Re3 Bb7 18. Rde1 Rfe8 19. Rxe8 Nxe8 20. Qe3 a6 21. Na3 Nf6 22. Qe7 Re8 23. Qxf7+ Kxf7 24. Rxe8 Nxe8 25. Nc4 Ke6 26. Kd2 Nf6 27. Na5 Ba8 28. Ne2 g5 29. c4 h5 30. Ke3 Nd7 31. h4 gxh4 32. Nf4+ Kf7 33. Nxh5 Kg6 34. Nf4+ Kf5 35. Nh5 Kg5 36. Nf4 Kf5 37. Nh5 Kg5 1/2-1/2